Documentos referentes a la creación de Bolivia con un resumen de las guerras de Bolivar

Saved in:
Bibliographic Details
Main Author: Lecuna, Vicente (Author)
Format: Book
Language:Spanish
Published: Caracas Comisión Nacional del Bicentenario del Garan Mariscal Sucre 1795 1995 1995
Edition:3a. ed
Subjects:
Tags: Add Tag
No Tags, Be the first to tag this record!

MARC

LEADER 00000nam a2200000 a 4500
001 UCQ6799
003 CL-VaPUC
008 981023e19950000VE |||||||||||||||||spa|d
082 0 4 |a 984  |b LEC  |2 21 
100 |a Lecuna, Vicente  |e author  |9 420719 
245 1 0 |a Documentos referentes a la creación de Bolivia con un resumen de las guerras de Bolivar 
250 |a 3a. ed 
300 |a 2 v 
942 |c BK 
945 |d 19981023 00:00:00  |a mvenant 
260 |a Caracas  |b Comisión Nacional del Bicentenario del Garan Mariscal Sucre 1795 1995  |c 1995 
600 0 |a Bolívar, Simón   |d 1783-1830  |9 265422 
650 0 |a Historia de américa siglo 19  |9 406763 
650 7 |a FUENTES  |2 CL-VaPUC  |9 255666 
650 0 |a Guerra de independencia   |9 327964 
650 0 |a Política y gobierno  |9 255151 
651 0 |a Venezuela  |9 254993 
651 0 |a Bolivia  |9 255454 
583 |a last modification  |c 20160829 11:41:24  |k Rodrigo Vera 
999 |c 276708  |d 276706 
952 |0 0  |1 0  |4 0  |6 984_000000000000000_LEC_1995  |7 0  |8 A  |9 314125  |a BIBHIS  |b BIBHIS  |d 2019-11-20  |h v.1  |i 3474542  |o 984 LEC 1995  |p 3474542  |r 2025-01-20  |w 2019-11-20  |y BK  |k HIS 
952 |0 0  |1 0  |4 0  |6 984_000000000000000_LEC_1995  |7 0  |8 A  |9 314126  |a BIBHIS  |b BIBHIS  |d 2019-11-20  |h v.2  |i 3474550  |o 984 LEC 1995  |p 3474550  |r 2025-01-20  |w 2019-11-20  |y BK  |k HIS